|
|
|
|
| LEADER |
02483nam a2200409 a 4500 |
| 001 |
mzk03001066543 |
| 003 |
CZ BrMZK |
| 005 |
20110324123540.0 |
| 007 |
ta |
| 008 |
081110s1517 sz fr|||||00| ||latod |
| 040 |
|
|
|a BOA001
|b cze
|
| 072 |
|
7 |
|a 094
|x Staré tisky
|2 Konspekt
|9 12
|
| 080 |
|
|
|a (0.068)094
|2 MRF
|
| 100 |
1 |
|
|a Beroaldus, Philippus,
|d 1453-1505
|7 ola2002153947
|4 aut
|
| 245 |
1 |
0 |
|a Varia Philippi Beroaldi Opvscvla in hoc codice contenta :
|b Orationes, Praelectiones, & Praefationes, & quaedam mythicae Historiae Philippi Beroaldi. Item Plusculae Angeli Politiani, Hermolai Barbari, atq; una Iasonis Mayni, ad serenissimum Maximilianum inuictissimum Romanorum Imperatorem Oratio. Epigrammata ac ludicra quaedam facilioris musae carmina, eruditissimi uiri Philippi Beroaldi ad Ascensio nuper elucidata, nunc demum coimpressa, & eo ordine disposita, ut maxime moralia sint omnium prima. L. Coelij Lactantij Firmiani pia Nenia uerbis Christi domini crucifixi, sua in nos beneficia comemorantis. Item Philippi Beroaldi de septem sapientium sententijs Libellus. Eiusdem Symbola Pythagorae moraliter explicata. De optimo statu, & de felicitate, Declamatio philosophi, medici, & oratoris. Declamatio ebriosi, scortatoris & aleatoris. Oratio autem prouerbialis caeteris apposita est. Eiusdem Opusculum de terraemotu & pestilentia
|
| 260 |
|
|
|a Basileae :
|b Orationes & opuscula Philippi Beroaldi Bononiensis oratoris & poetae disertissimi, finiunt,
|c 1517
|
| 300 |
|
|
|a CLXII listů ;
|c 8°
|
| 500 |
|
|
|a Výzdoba: Iniciály
|
| 501 |
|
|
|a Přívazek 1 k: Oratio de variarvm lingvarvm cognitione paranda ... / Petrus Mosellanus
|
| 510 |
3 |
|
|a VD16
|
| 655 |
|
7 |
|a staré tisky
|7 fd422076
|2 czenas
|
| 700 |
1 |
|
|a Barbaro, Ermolao,
|d 1454-1493
|7 ola2008452262
|4 aut
|
| 700 |
1 |
|
|a Boccaccio, Giovanni,
|d 1313-1375
|7 jn19990000867
|4 aut
|
| 700 |
1 |
|
|a Politianus, Angelus,
|d 1454-1494
|7 ola2002159445
|4 aut
|
| 700 |
1 |
|
|a Perault, Raimond,
|d 1435-1505
|7 mzk2010575753
|4 aut
|
| 700 |
1 |
|
|a Badius, Josse,
|d 1462-1535
|7 jn20011024057
|4 aut
|
| 700 |
1 |
|
|a Lactantius, Lucius Coelius Fermianus,
|d 250-317
|7 ola2002158755
|4 aut
|
| 700 |
1 |
|
|a Maino, Giasone,
|d 1435-1519
|7 mzk2004252328
|4 aut
|
| 903 |
|
|
|a RP
|
| 910 |
|
|
|a BOA001
|b ST2-0088.833,přív.1
|
| 978 |
|
|
|b Petri, Adam
|a Basel
|c 1517
|
| 984 |
|
|
|a Basilej
|b Švýcarsko
|
| 985 |
|
|
|a 1501-1550
|
| 990 |
|
|
|a BK
|
| 993 |
|
|
|a Y
|
| 991 |
|
|
|k mzk
|
| 994 |
|
|
|a UP
|l MZK03
|b 000458481
|m přívazek 1
|n záznam 1. díla (pro objednání pokračujte kliknutím)
|